00565nam a2200205 i 45000010008000000030006000080050017000140080041000310100017000720200024000890400018001130500017001310820013001481000022001612450060001832600051002433000021002945040030003156500014003454098394GBCCL20241126110342.0741113s1974 miu b 000 0 eng  a 74081783  a0801053447 :c$9.95 aDLCcDLCdDLC00aBV2061b.K3600a266bKAN1 aKane, J. Herbert.10aUnderstanding Christian missions /cby J. Herbert Kane. aGrand Rapids, Mich. :bBaker Book House,c1978 a452 p. ;c24 cm. aBibliography: p. 443-452. 0aMissions.